Science and engineering indicators

Na minha lista:
Detalhes bibliográficos
Formato: Livro
Idioma:Undetermined
Publicado em: Washington National Science Board 1987
Assuntos:
Tags: Adicionar Tag
Sem tags, seja o primeiro a adicionar uma tag!
Thư viện lưu trữ: Trung tâm Học liệu Trường Đại học Cần Thơ
LEADER 00452nam a2200169Ia 4500
001 CTU_98129
008 210402s9999 xx 000 0 und d
082 |a 509.73 
082 |b S416 
245 0 |a Science and engineering indicators 
260 |a Washington 
260 |b National Science Board 
260 |c 1987 
650 |a Science indicators 
650 |z United States 
904 |i Truc 
980 |a Trung tâm Học liệu Trường Đại học Cần Thơ